Odpovědnost silničních nákladních dopravců v době pandemie

Medzinárodnú cestnú nákladnú dopravu v posledných mesiacoch ovplyvňovali opatrenia prijímané vládami jednotlivých európskych krajín. Pokiaľ miesto prevzatia zásielky a miesto jej dodania leží v dvoch rôznych štátoch, definuje zodpovednosť dopravcu za jej dodanie tzv. Dohoda o prepravnej zmluve v me...

ver descrição completa

Na minha lista:
Detalhes bibliográficos
Autor principal: Novák, Radek
Formato: Capítulo de Livro
Idioma:tcheco
Assuntos:
Tags: Adicionar Tag
Sem tags, seja o primeiro a adicionar uma tag!

MARC

LEADER 00000naa a2200000 4500
001 0267506
005 20200821112818.5
041 0 |a cze 
044 |a CZ 
245 1 0 |a Odpovědnost silničních nákladních dopravců v době pandemie  |c Radek Novák 
520 |a Medzinárodnú cestnú nákladnú dopravu v posledných mesiacoch ovplyvňovali opatrenia prijímané vládami jednotlivých európskych krajín. Pokiaľ miesto prevzatia zásielky a miesto jej dodania leží v dvoch rôznych štátoch, definuje zodpovednosť dopravcu za jej dodanie tzv. Dohoda o prepravnej zmluve v medzinárodnej cestnej doprave (Dohoda CMR). 
610 2 0 |a doprava cestná nákladná 
610 2 0 |a doprava medzinárodná 
610 2 0 |a zodpovednosť organizácie 
610 2 0 |a zmluvy medzinárodné 
610 2 0 |a preprava 
100 1 |a Novák, Radek